| Поле | Название | Значение |
| |
Тип записи |
a |
| |
Библиографический уровень |
m |
| 001 |
Контрольный номер |
RU\infra-m\znanium\bibl\2093494 |
| 005 |
Дата корректировки |
20260429142139.8 |
| 008 |
Кодируемые данные |
260123s2023 RU g rus u |
| 020 |
Индекс ISBN |
__ |
| a |
ISBN |
978-5-7638-4590-7 |
| 040 |
Источник каталогиз. |
__ |
| a |
Служба первич. каталог. |
Общество с ограниченной ответственностью «ЗНАНИУМ» |
| 041 |
Код языка издания |
__ |
| a |
Код языка текста |
rus |
| 044 |
Код страны публикации |
__ |
| a |
Код страны публикации |
RU |
| 080 |
Индекс УДК |
__ |
| a |
Индекс УДК |
72 |
| 084 |
Индекс другой классификации/Индекс ББК |
__ |
| 2 |
Источник индекса |
rubbk |
| a |
Индекс другой классификации/Индекс ББК |
8511 |
| 084 |
Индекс другой классификации/Индекс ББК |
__ |
| 2 |
Источник индекса |
okso |
| a |
Индекс другой классификации/Индекс ББК |
07.04.01 |
| 084 |
Индекс другой классификации/Индекс ББК |
__ |
| 2 |
Источник индекса |
okso |
| a |
Индекс другой классификации/Индекс ББК |
07.04.02 |
| 084 |
Индекс другой классификации/Индекс ББК |
__ |
| 2 |
Источник индекса |
okso |
| a |
Индекс другой классификации/Индекс ББК |
07.04.03 |
| 100 |
Автор |
__ |
| a |
Автор |
Гайкова Л.В. |
| q |
Полное имя |
Гайкова Людмила Валентиновна |
| u |
Дополнение |
Сибирский федеральный университет |
| 245 |
Заглавие |
__ |
| a |
Заглавие |
Возникновение и развитие архитектуры общественных зданий. Архитектурный анализ археологических объектов дописьменного периода |
| b |
Продолж. заглавия |
Монография |
| c |
Ответственность |
Сибирский федеральный университет |
| 260 |
Выходные данные |
__ |
| a |
Место издания |
Красноярск |
| b |
Издательство |
Сибирский федеральный университет |
| c |
Дата издания |
2022 |
| 300 |
Физическое описание |
__ |
| a |
Объем |
318 с. |
| 520 |
Аннотация |
__ |
| a |
Аннотация |
Рассмотрены вопросы возникновения архитектурных сооружений общественного назначения в дописьменный исторический период на территории Европы и Ближнего Востока. Архитектурные объекты представлены в хронологическом порядке для выявления генезиса общественных пространств по функциональным планировочным пространственным и художественным аспектам. Архитектурный анализ проведен по материалам археологических раскопок опубликованным в открытой печати. Сделана попытка проследить эволюцию архитектурных сооружений общественного назначения от первых выделившихся форм до проявления признаков целенаправленной архитектурной организации что позволит в некоторой степени восполнить пробел в комплексном рассмотрении зарождения и начального этапа развития архитектуры общественных зданий. Предназначена для магистрантов аспирантов научных работников занимающихся вопросами истории архитектуры. |
| 521 |
Примеч. о цел. назн. |
__ |
| a |
Примеч. о целев. назн. |
ВО - Магистратура |
| 650 |
Тематические рубрики |
__ |
| a |
Основная рубрика |
Архитектура. Искусство |
| x |
Основная подрубрика |
Теория и история архитектуры |
| 655 |
Указ. предметных рубрик (устаревшее) |
__ |
| a |
Жанр/ форма (устаревшее) |
Монография |
| 856 |
Электронный адрес документа |
4_ |
| a |
Имя сервера/домена |
znanium.com |
| m |
Помощь |
ebs_support@infra-m.ru |
| n |
Местонахождение сервера |
НИЦ ИНФРА-М |
| u |
URL |
https://znanium.com/catalog/document?id=433095 |
| 856 |
Электронный адрес документа |
48 |
| a |
Имя сервера/домена |
znanium.com |
| d |
Путь |
/cover/2093 |
| f |
Электронное имя |
2093494.jpg |
| q |
Тип электронного формата |
image/jpeg |
| u |
URL |
https://znanium.com/cover/2093/2093494.jpg |
| 911 |
|
__ |
| u |
|
0030=https://znanium.com/catalog/document?id=433095 |